Statistics for Axis Members of World War 2

Click here to take the quiz!

General Stats

  • This quiz has been taken 63 times
  • The average score is 9 of 16

Answer Stats

Axis Join DateAnswer% Correct
27 September 1940-15 August 1945Empire of Japan
100%
27 September 1940-8 September 1943Kingdom of Italy
98%
27 September 1940-8 May 1945German Reich
96%
20 November 1940-31 December 1944Kingdom of Hungary
82%
1 March 1941-8 September 1944Third Bulgarian Tsardom
80%
22 June 1941-3 March 1945Kingdom of Finland
73%
24 November 1940-4 April 1945First Slovak Republic
67%
21 December 1941-July 1944Kingdom of Thailand
65%
20 November 1940-16 August 1945Reorganized National Government of the Republic of China
49%
April 1941-May 1941Hashemite Kingdom of Iraq
44%
27 September 1940-18 August 1945Empire of Great Manchuria
35%
11 March 1945-25 August 1945Empire of Vietnam
24%
14 October 1943-17 August 1945Republic of the Philippines
20%
23 November 1940-24 August 1944Kingdom of Romania
9%
15 June 1941-15 May 1945Independent State of Croatia
5%
25 March 1941-27 March 1941Kingdom of Yugoslavia
5%

Score Distribution

Percentile by Number Answered

Percent of People with Each Score

Your Score History

You have not taken this quiz